书目信息 |
| 题名: |
大学物理实验教程
|
|
| 作者: | 黄耀清 , 王凤超 , 郝成红 主编 | |
| 分册: | ||
| 出版信息: | 北京 机械工业出版社 2020.02 |
|
| 页数: | 130页 | |
| 开本: | 26cm | |
| 丛书名: | 21世纪普通高等教育基础课系列教材 | |
| 单 册: | ||
| 中图分类: | O4-33 | |
| 科图分类: | ||
| 主题词: | 物理学--wu li xue--实验--高等学校--教材 | |
| 电子资源: | ||
| ISBN: | 978-7-111-64591-7 | |
| 000 | 01313nam 2200313 450 | |
| 001 | 2047735396 | |
| 005 | 20201105131542.57 | |
| 010 | @a978-7-111-64591-7@dCNY23.00 | |
| 100 | @a20200322d2020 em y0chiy50 ea | |
| 101 | 0 | @achi |
| 102 | @aCN@b110000 | |
| 105 | @aa a 000yy | |
| 200 | 1 | @a大学物理实验教程@Ada xue wu li shi yan jiao cheng@e设计创新实验@f主编黄耀清, 王凤超, 郝成红 |
| 210 | @a北京@c机械工业出版社@d2020.02 | |
| 215 | @a130页@c图@d26cm | |
| 225 | 2 | @a21世纪普通高等教育基础课系列教材@A21 shi ji pu tong gao deng jiao yu ji chu ke xi lie jiao cai |
| 312 | @a英文题名取自封面 | |
| 320 | @a有书目 | |
| 330 | @a本书共有36个实验, 以研究性实验、设计性实验、近代物理实验及应用性实验为主, 是为学有余力的较高水平的学生开设的开放性实验。部分实验或采用新的测量方法或使用更为先进精确的测量仪器, 在一定程度上反映出近年来大学物理实验课程教学改革和发展的趋势。 | |
| 410 | 0 | @12001 @a21世纪普通高等教育基础课系列教材 |
| 510 | 1 | @aExperiment of college physics@zeng |
| 517 | 1 | @a设计创新实验@Ashe ji chuang xin shi yan |
| 606 | 0 | @a物理学@Awu li xue@x实验@x高等学校@j教材 |
| 690 | @aO4-33@v5 | |
| 701 | 0 | @a黄耀清@Ahuang yao qing@4主编 |
| 701 | 0 | @a王凤超@Awang feng chao@4主编 |
| 701 | 0 | @a郝成红@Ahao cheng hong@4主编 |
| 801 | 0 | @aCN@b人天书店@c20201005 |
| 905 | @aZUCC@dO4-33@eH915 | |
| 大学物理实验教程:设计创新实验/主编黄耀清, 王凤超, 郝成红.-北京:机械工业出版社,2020.02 |
| 130页:图;26cm.-(21世纪普通高等教育基础课系列教材) |
| ISBN 978-7-111-64591-7:CNY23.00 |
| 本书共有36个实验, 以研究性实验、设计性实验、近代物理实验及应用性实验为主, 是为学有余力的较高水平的学生开设的开放性实验。部分实验或采用新的测量方法或使用更为先进精确的测量仪器, 在一定程度上反映出近年来大学物理实验课程教学改革和发展的趋势。 |
| ● |
| 相关链接 |
|
|
|
正题名:大学物理实验教程
索取号:O4-33/H915
 
预约/预借
| 序号 | 登录号 | 条形码 | 馆藏地/架位号 | 状态 | 备注 |
| 1 | 1479253 | 214792535 | 自科库401/401自科库 55排6列5层/ [索取号:O4-33/H915] | 在馆 | |
| 2 | 1479254 | 214792544 | 自科库401/401自科库 55排6列5层/ [索取号:O4-33/H915] | 在馆 |